<?xml version="1.0" encoding="UTF-8"?>
<record
    xmlns:xsi="http://www.w3.org/2001/XMLSchema-instance"
    xsi:schemaLocation="http://www.loc.gov/MARC21/slim http://www.loc.gov/standards/marcxml/schema/MARC21slim.xsd"
    xmlns="http://www.loc.gov/MARC21/slim">

  <leader>00660nam a22001457a 4500</leader>
  <controlfield tag="003">OSt</controlfield>
  <controlfield tag="005">20230919194857.0</controlfield>
  <controlfield tag="008">230919b        |||||||| |||| 00| 0 eng d</controlfield>
  <datafield tag="040" ind1=" " ind2=" ">
    <subfield code="c">CO-JMCR</subfield>
  </datafield>
  <datafield tag="082" ind1="0" ind2="4">
    <subfield code="a">C / </subfield>
    <subfield code="b">SUEi</subfield>
  </datafield>
  <datafield tag="100" ind1="1" ind2="0">
    <subfield code="a">Instituto Geogr&#xE1;fico Agust&#xED;n / </subfield>
    <subfield code="e">autor</subfield>
    <subfield code="9">42914</subfield>
  </datafield>
  <datafield tag="245" ind1=" " ind2=" ">
    <subfield code="a">Suelos para Ni&#xF1;os / </subfield>
    <subfield code="c">Institulo Geogr&#xE1;fico Agust&#xED;n</subfield>
  </datafield>
  <datafield tag="520" ind1=" " ind2=" ">
    <subfield code="a">Sim&#xF3;n era un ni&#xF1;o al que le encataba explorar la naturaleza. En sus paseos de vacaciones siempre tuvo la fortuna de conocer paisajes espectaculares, con plantas y animales diversos y muy raros. Fue a la selva Amaz&#xF3;nica, a la Isla de San ANdr&#xE9;s, al Eje Cafetero y a los nevados.</subfield>
  </datafield>
  <datafield tag="942" ind1=" " ind2=" ">
    <subfield code="2">ddc</subfield>
    <subfield code="c">BK</subfield>
  </datafield>
  <datafield tag="999" ind1=" " ind2=" ">
    <subfield code="c">30250</subfield>
    <subfield code="d">16634</subfield>
  </datafield>
  <datafield tag="952" ind1=" " ind2=" ">
    <subfield code="0">0</subfield>
    <subfield code="1">0</subfield>
    <subfield code="2">ddc</subfield>
    <subfield code="4">0</subfield>
    <subfield code="7">0</subfield>
    <subfield code="8">FIC</subfield>
    <subfield code="a">CPL</subfield>
    <subfield code="b">CPL</subfield>
    <subfield code="d">2023-09-19</subfield>
    <subfield code="l">10</subfield>
    <subfield code="o">C /  SUEi</subfield>
    <subfield code="p">201812041</subfield>
    <subfield code="r">2025-06-03 15:17:58</subfield>
    <subfield code="s">2025-06-03</subfield>
    <subfield code="t">Ej. 1 </subfield>
    <subfield code="w">2023-09-19</subfield>
    <subfield code="y">BK</subfield>
  </datafield>
</record>
